000 00903nas a2200253 454500
001 37008
005 20260407193509.0
008 260407s1970####ag###########|||spa#d
003 AR-UNSa-BCEJYS
040 _aAR-UNSa-BCEJYS
_bspa
_cAR-UNSa-BCEJYS
080 _a311.3
_xOrganización general de las estadisticas. Estadística oficial
245 1 0 _aActualidad estadística
_ppublicación para la coordinación interna del sistema estadístico nacional
264 1 _aBuenos Aires :
_bINDEC
_c1970
310 _aFrecuencia: Irregular
041 _aspa
942 _cSER
590 _aniveau_biblio:s niveau_hierar:1
100 1 _aInstituto Nacional de Estadística y Censos (INDEC)
650 _aESTADISTICA
650 _aCondiciones económicas
650 _aDatos estadísticos
650 _aPoblación
856 4 1 _uhttps://170.210.207.44/pmb/images/revistas/R19228.jpg
_yImagen de portada
_qimage/jpeg
999 _c8804
_d8804